LEADER 01060nam a22002771i 4500 001 991001277109707536 005 20031029084209.0 008 040407s1972 it |||||||||||||||||ita 035 $ab12745935-39ule_inst 035 $aARCHE-072557$9ExL 040 $aDip.to Scienze Storiche$bita$cA.t.i. Arché s.c.r.l. Pandora Sicilia s.r.l. 082 04$a945.719 100 1 $aPerrella, Alfonso$0448106 245 12$aL'antico Sannio e l'attuale provincia di Molise /$cAlfonso Perrella 250 $aRist. anast. 260 $aBologna :$bForni,$cstampa 1972 300 $a639, V p. ;$c21 cm 440 0$aBiblioteca istorica della antica e nuova Italia 500 $aRipr. facs. dell'ed.: Isernia, 1889 651 4$aMolise 907 $a.b12745935$b02-04-14$c16-04-04 912 $a991001277109707536 945 $aLE009 GEOG.14.432-10$g1$i2009000163782$lle009$o-$pE0.00$q-$rl$s- $t0$u0$v0$w0$x0$y.i13283182$z16-04-04 996 $aAntico Sannio e l'attuale provincia di Molise$9108309 997 $aUNISALENTO 998 $ale009$b16-04-04$cm$da $e-$fita$git $h2$i1 LEADER 01738nam0 22003491i 450 001 UON00089432 005 20231205102503.62 010 $a31-10-09537-8 100 $a20020107d1984 |0itac50 ba 101 $ager 102 $aDE 105 $a|||| ||||| 200 1 $aˆDas ‰Statuenprogramm des Herodes-Atticus-Nymphäums$fvon Renate Bol$gmit Beiträgen von Adolf Hoffmann und Leonard Schumacher 210 $aBerlin$aNew York$cDe Gruyter$d1984. ix$d210 p.$cill.$d70 p. di tav., 6 cart. ; 29 cm. In testa al front.: Deutsches Archäologisches Institut. 410 1$1001UON00087265$12001 $aOlympische Forschungen$fhrsg. von Emil Kunze$1210 $aBerlin$cWalter de Gruyter. In testa al front.: Deutsches archäologisches Institut.$v15 606 $aNINFEI$xOlimpia$3UONC026737$2FI 606 $aOLIMPIA$xNinfei$3UONC026738$2FI 606 $aOLIMPIA$xSculture$3UONC026239$2FI 620 $aDE$dBerlin$3UONL003157 676 $a722.61$cArchitettura egea, minoica, micenea$v21 700 1$aBOL$bRenate$3UONV056752$0218968 702 1$aHOFFMANN$bAdolf$3UONV056753 702 1$aSCHUMACHER$bLeonhard$3UONV056754 712 12$aDeutsches Archäologisches Institut Berlin$3UONV056176 712 $aDe Gruyter$3UONV248587$4650 791 02$aIstituto Archeologico Germanico $zDeutsches Archäologisches Institut Berlin$3UONV056177 801 $aIT$bSOL$c20250411$gRICA 899 $aSIBA - SISTEMA BIBLIOTECARIO DI ATENEO$2UONSI 912 $aUON00089432 950 $aSIBA - SISTEMA BIBLIOTECARIO DI ATENEO$dSI N 1 OLYMPIA 001 15 $eSI MC 16702 7 15 996 $aStatuenprogramm des Herodes-Atticus-Nymphaums$9289365 997 $aUNIOR